1016 1405 1543 1979 1941 1889 1930 1944 1619 1022 1069 1514 1704 1881 1188 1780 1945 1065 1021 1615 1407 1469 1561 1455 1836 1093 1166 1693 1913 1987 1280 1305 1952 1712 1415 1936 1830 1160 1818 1570 1092 1558 1270 1129 1825 1282 1883 1330 1959 1808 1367 1195 1147 1587 1971 1618 1820 1321 1426 1272 1567 1356 1142 1283 1727 1474 1834 1291 1025 1946 1035 1057 1738 1945 1830 1415 1772 1845 1457 1015 1219 1278 1158 1033 1448 1179 1542 1338 1617 1444 1500 1842 1631 1186 1816 1271 1691 1087 1118 BCNSPRNW ULIB Ver.6.0+V

เปลี่ยนเป็นภาษาไทย

Change to English
 แสดงรายละเอียดบรรณานุกรม
  กลับหน้าหลัก

Brief Record : Get Marc (ISO 2709) : E-mail record : QR code < ปิดหน้าต่าง
LEADER : 00000nam 2200000uu 4500
001    13399126859
003     ULIB
008    020711s2562 th a 000 0 tha d
060    ู^aWT31^bส226บ
110    ^aสภาการพยาบาล
245    ^aบทบาทพยาบาลในการจัดการระบบการดูแลสุขภาพกรณีการดูแลระยะยาวสำหรับผู้สูงอายุ
250    ^aพิมพ์ครั้งที่ 1
260    ^aนนทบุรี :^bสภาการพยาบาล,^c2562
300    ^a356 หน้า;^b27 ซม.
650    ^aผู้สูงอายุ
945    ^p0^l0^i005546
999    ^aประนอม เกษจรัล
รายการนี้ยังไม่มีแท็ก
คุณยังไม่ได้ล็อกอิน คุณสามารถมีกิจกรรมร่วมกับเว็บไซต์ได้ แต่ต้องล็อกอินก่อน ::
  ล็อกอิน

รายการสื่อสารสนเทศ

ลำดับที่ ประเภท เลขเรียก/บาร์โค้ด สถานที่ สถานะ
1. วิทยาศาสตร์การแพทย์ และสุขภาพ
หนังสือสำรอง
สถานะ=หนังสือสำรอง
ู WT31 ส226บ ฉ.1 
  Barcode: 005546
ห้องสมุดวิทยาเขตสวรรค์ประชารักษ์
►หนังสือทั่วไป
บนชั้น

รายการใกล้เคียง
    หัวเรื่อง [ผู้สูงอายุ]

BibComment


ยังไม่เคยถูกคอมเมนท์

คอมเมนท์ทรัพยากรรายการนี้
  คอมเมนท์: บทบาทพยาบาลในการ..


 Copyright 2026. Bcnsprnw @Library